| 000 | 00495nam a2200145 4500 | ||
|---|---|---|---|
| 999 |
_c9479 _d9479 |
||
| 008 | 151027b xxu||||| |||| 00| 0 eng d | ||
| 020 | _a9966469060 | ||
| 050 | _aAFR HC 800 .T56 1994 | ||
| 100 | _aTimberlake, Lloyd. | ||
| 245 |
_aAfrica in crisis: _bThe causes, the curses of environmental bankruptcy/ _cLloyd Timberlake. |
||
| 260 |
_aNairobi; _bEAEP, _c1985 |
||
| 300 |
_a203 p. _c20cm. |
||
| 650 | _aAfrican literature. | ||
| 942 |
_2lcc _cSH_L_BOOKS _hAFR HC 800 .T56 1994 _01 |
||